| 000 | 00538nam a22001817a 4500 | ||
|---|---|---|---|
| 999 |
_c172361 _d172361 |
||
| 005 | 20200204142229.0 | ||
| 010 | _aENG-127624 | ||
| 020 |
_a9789384061975 _c250.00 |
||
| 035 | _aEN-111156 | ||
| 037 | _bDBAD/PUB | ||
| 082 | _a336.27 | ||
| 100 | _aThakkar,Vishal | ||
| 245 |
_aGST for the layman / _bby Thakkar,Vishal |
||
| 260 |
_aMumbai _bBestsellers18 _c2019 |
||
| 270 |
_bMumbai _aB-23,Royal Industrial Estate,5-B, Naigun Cross Road,Wadala _e400013 |
||
| 300 |
_a171p. _b21cm(pbk) |
||
| 942 |
_2ddc _cEN _h336.27 _mTHA |
||